[Event "Thüringenliga 2014/2015"]
[Site "?"]
[Date "2014.09.07"]
[Round "1"]
[White "Birke, Andreas"]
[Black "Senf, Paul"]
[Result "1-0"]
[WhiteElo "2100"]
[BlackElo "1673"]
[PlyCount "99"]
[EventDate "2014.??.??"]
[WhiteTeam "SV 1861 Liebschwitz"]
[BlackTeam "ESV Gera"]

1. e4 c5 2. Nf3 d6 3. d4 cxd4 4. Nxd4 Nf6 5. Bd3 Nc6 6. Nxc6 bxc6 7. c4 e5 8.
Nc3 Be6 9. Qe2 Be7 10. O-O O-O 11. Kh1 Re8 12. b3 Nd7 13. Be3 Nb6 14. Rad1 Qc7
15. Bb1 Rad8 16. f4 f6 17. f5 Bf7 18. Qf3 Rd7 19. Rd2 Red8 20. Rfd1 Qb7 21. h3
Kh8 22. Kh2 Nc8 23. g4 Qb4 24. Bf2 Qa5 25. Be1 Qc7 26. Rc2 Qb8 27. Bg3 Nb6 28.
Rcd2 Qb7 29. Bf2 Qc7 30. Kg2 Na8 31. h4 Qb7 32. Kh3 Nc7 33. Na4 d5 34. Nc5 Bxc5
35. Bxc5 Na6 36. exd5 cxd5 37. Bf2 d4 38. Be4 Qb4 39. g5 Bg8 40. gxf6 gxf6 41.
h5 Qf8 42. Bh4 Qh6 43. Rg2 Rg7 44. Rxg7 Qxg7 45. Rg1 Qh6 46. Bb7 Nb8 47. Rg6
hxg6 48. Bxf6+ Qg7 49. Bxg7+ Kxg7 50. f6+ 1-0

[Event "Thüringenliga 2014/2015"]
[Site "?"]
[Date "2014.09.07"]
[Round "1"]
[White "Steinmüller, Johannes"]
[Black "Müller, Berthold"]
[Result "1/2-1/2"]
[WhiteElo "1715"]
[BlackElo "1675"]
[PlyCount "23"]
[EventDate "2014.??.??"]
[WhiteTeam "ESV Gera"]
[BlackTeam "SV 1861 Liebschwitz"]

1. e4 e5 2. Nf3 Nc6 3. Bb5 d6 4. d4 Bd7 5. dxe5 dxe5 6. O-O Bd6 7. Nc3 a6 8.
Bc4 h6 9. Nd5 Nf6 10. Qe2 b5 11. Nxf6+ Qxf6 12. Bd5 1/2-1/2

[Event "Thüringenliga 2014/2015"]
[Site "?"]
[Date "2014.09.07"]
[Round "1"]
[White "Müller, Gunther"]
[Black "Kupper, Matthias"]
[Result "1/2-1/2"]
[WhiteElo "1800"]
[BlackElo "1738"]
[PlyCount "53"]
[EventDate "2014.??.??"]
[WhiteTeam "SV 1861 Liebschwitz"]
[BlackTeam "ESV Gera"]

1. e4 c5 2. Nf3 Nc6 3. d4 cxd4 4. Nxd4 Nf6 5. Nc3 d6 6. Be2 e6 7. O-O Be7 8.
Be3 O-O 9. Bf3 Ne5 10. Qe2 a6 11. Rfd1 Qc7 12. Bf4 Nc4 13. Bc1 Rd8 14. Rb1 Rb8
15. Qf1 h6 16. Be2 Nb6 17. Be3 Nbd7 18. Nb3 Nf8 19. Rbc1 Bd7 20. f3 Bc6 21. Nd4
Be8 22. Qf2 d5 23. exd5 Nxd5 24. Nxd5 Rxd5 25. c4 Rd7 26. Nb3 Bf6 27. Bd4
1/2-1/2

[Event "Thüringenliga 2014/2015"]
[Site "?"]
[Date "2014.09.07"]
[Round "1"]
[White "Pähtz, Thomas"]
[Black "Wegerich, Michael"]
[Result "1-0"]
[WhiteElo "2287"]
[BlackElo "1919"]
[PlyCount "77"]
[EventDate "2014.??.??"]
[WhiteTeam "Ilmenauer SV"]
[BlackTeam "SV Ammern"]

1. e4 c5 2. Nf3 Nc6 3. d4 cxd4 4. Nxd4 Qb6 5. Nb3 Nf6 6. Nc3 e6 7. Qe2 Bb4 8.
Bd2 O-O 9. a3 Be7 10. O-O-O d6 11. g4 a6 12. g5 Nd7 13. h4 Qc7 14. h5 b5 15. g6
Nde5 16. f4 Nc4 17. Bh3 Nxd2 18. Qxd2 Rb8 19. f5 h6 20. Kb1 Ne5 21. gxf7+ Nxf7
22. fxe6 Ng5 23. Nd5 Qd8 24. Nd4 Bb7 25. Nf5 Bxd5 26. exd5 Nxh3 27. Nxe7+ Qxe7
28. Rxh3 Rf5 29. Rg1 Rb7 30. Rhh1 Qf6 31. Qd3 Rc7 32. Rf1 Rf2 33. Rxf2 Qxf2 34.
Rf1 Qg2 35. Qf5 Rxc2 36. Qf7+ Kh8 37. Qe8+ Kh7 38. Qg6+ Kh8 39. Rf8# 1-0

[Event "Thüringenliga 2014/2015"]
[Site "?"]
[Date "2014.09.07"]
[Round "1"]
[White "Schorch, Rüdiger"]
[Black "Zehnter, Sebastian"]
[Result "0-1"]
[WhiteElo "1887"]
[BlackElo "2220"]
[PlyCount "94"]
[EventDate "2014.??.??"]
[WhiteTeam "SV Ammern"]
[BlackTeam "Ilmenauer SV"]

1. c4 b6 2. Nc3 Bb7 3. e4 e6 4. a3 c5 5. Nf3 a6 6. Be2 d6 7. O-O Qc7 8. d3 Nf6
9. Be3 Be7 10. h3 O-O 11. Rc1 Re8 12. Bf4 Nbd7 13. Qc2 Rad8 14. b4 Nf8 15. bxc5
bxc5 16. Rb1 Ng6 17. Be3 Nd7 18. Nd2 Bf6 19. Nb3 Ba8 20. Bh5 Ne7 21. f4 Nc6 22.
Ne2 Rb8 23. Kh1 Qa7 24. Bd2 Rb6 25. Nc3 Reb8 26. Na4 R6b7 27. Bf3 Rc7 28. Be3
Nd4 29. Nxd4 cxd4 30. Rxb8+ Qxb8 31. Rb1 Rb7 32. Rxb7 Bxb7 33. Bd2 Qc7 34. Qb2
Bc6 35. Qb3 g6 36. Nb2 Nc5 37. Qb4 Bd8 38. a4 a5 39. Qa3 Qb7 40. Nd1 Qb1 41.
Kh2 Qxd3 42. Qb2 Nb3 43. Be1 Bc7 44. Be2 Qxe4 45. Bf3 Qxe1 46. Qxb3 d5 47. cxd5
Bxf4+ 0-1

[Event "Thüringenliga 2014/2015"]
[Site "?"]
[Date "2014.09.07"]
[Round "1"]
[White "Mehlhorn, Uwe"]
[Black "Kampfhenkel, Ulrich"]
[Result "1-0"]
[WhiteElo "2082"]
[BlackElo "1934"]
[PlyCount "59"]
[EventDate "2014.??.??"]
[WhiteTeam "Ilmenauer SV"]
[BlackTeam "SV Ammern"]

1. d4 Nf6 2. Nf3 e6 3. e3 b6 4. Nbd2 Bb7 5. Bd3 c5 6. c3 Be7 7. e4 cxd4 8. cxd4
d6 9. Qe2 Nc6 10. a3 e5 11. d5 Nb8 12. b4 O-O 13. O-O Bc8 14. Nc4 Bg4 15. Ne3
Bxf3 16. Qxf3 g6 17. Ng4 Nxg4 18. Qxg4 Nd7 19. Bh6 Nf6 20. Qd1 Re8 21. Qe2 Bf8
22. Bg5 h6 23. Bd2 Bg7 24. Ba6 Nh5 25. g3 Re7 26. Rac1 Qd7 27. Rc3 Qh3 28. g4
Nf4 29. Rxh3 Nxe2+ 30. Bxe2 1-0

[Event "Thüringenliga 2014/2015"]
[Site "?"]
[Date "2014.09.07"]
[Round "1"]
[White "Salaske, Peter"]
[Black "Töpfer, Albrecht"]
[Result "1-0"]
[WhiteElo "1844"]
[BlackElo "1947"]
[PlyCount "41"]
[EventDate "2014.??.??"]
[WhiteTeam "SV Ammern"]
[BlackTeam "Ilmenauer SV"]

1. e4 c5 2. Nf3 d6 3. c3 Nf6 4. Be2 Nc6 5. d4 cxd4 6. cxd4 Nxe4 7. d5 Qa5+ 8.
Nc3 Nxc3 9. bxc3 Ne5 10. Nxe5 Qxc3+ 11. Bd2 Qxe5 12. O-O Qxd5 13. Rc1 Bd7 14.
Rc7 Bc6 15. Bf3 Qb5 16. Qc2 d5 17. Rb1 Qa6 18. Bxd5 Kd8 19. Bxc6 bxc6 20. Rxc6
Rc8 21. Ba5+ 1-0

[Event "Thüringenliga 2014/2015"]
[Site "?"]
[Date "2014.09.07"]
[Round "1"]
[White "Rempel, Patrick"]
[Black "Kurze, Christoph"]
[Result "1/2-1/2"]
[WhiteElo "2017"]
[BlackElo "1801"]
[PlyCount "114"]
[EventDate "2014.??.??"]
[WhiteTeam "Ilmenauer SV"]
[BlackTeam "SV Ammern"]

1. e4 e6 2. d4 d5 3. Nd2 Nf6 4. e5 Nfd7 5. Bd3 c5 6. c3 Nc6 7. Ne2 Qb6 8. Nf3
f6 9. exf6 Nxf6 10. O-O Bd6 11. a3 c4 12. Bc2 Bd7 13. Re1 O-O 14. Rb1 e5 15.
dxe5 Nxe5 16. Nxe5 Bxe5 17. Be3 Qc7 18. h3 Rae8 19. Nd4 Bh2+ 20. Kh1 Bf4 21.
Nf3 Bxe3 22. Rxe3 Rxe3 23. fxe3 Qg3 24. Qe1 Qxe1+ 25. Rxe1 Re8 26. Nd2 b5 27.
Kg1 Bc6 28. Nf3 Bd7 29. Nd4 g6 30. Bd1 Kf7 31. Bf3 Re5 32. Nc2 Ke7 33. Rd1 a5
34. Re1 Kd6 35. Nd4 Kc5 36. Kf2 b4 37. axb4+ axb4 38. Ra1 bxc3 39. bxc3 Kb6 40.
Ra8 Re8 41. Rxe8 Bxe8 42. Ne6 Kc6 43. g4 Kd6 44. Nf4 g5 45. Ne2 Bg6 46. Ng3 Ke5
47. Ke2 Bd3+ 48. Ke1 Nd7 49. Nh5 Nc5 50. Ng3 Na4 51. Kd2 Nc5 52. Kd1 Bg6 53.
Kd2 Be4 54. Nxe4 Nxe4+ 55. Kc2 Nf2 56. Bg2 Ne4 57. Bf3 Nf2 1/2-1/2

[Event "Thüringenliga 2014/2015"]
[Site "?"]
[Date "2014.09.07"]
[Round "1"]
[White "Hentrich, Jörg"]
[Black "Falk, Kristoffer"]
[Result "1-0"]
[WhiteElo "1755"]
[BlackElo "1807"]
[PlyCount "49"]
[EventDate "2014.??.??"]
[WhiteTeam "SV Ammern"]
[BlackTeam "Ilmenauer SV"]

1. e4 c5 2. d4 cxd4 3. c3 Nc6 4. cxd4 d5 5. e5 Qb6 6. Nc3 e6 7. Nf3 Nge7 8. Be3
Nf5 9. Qd2 Bd7 10. Be2 Be7 11. O-O O-O 12. Bd3 Nxe3 13. fxe3 Rac8 14. Rf2 Na5
15. Raf1 Nc4 16. Qe2 f6 17. e4 dxe4 18. Nxe4 Na5 19. exf6 gxf6 20. Qe3 e5 21.
Ng3 Rf7 22. Nxe5 Be6 23. Nxf7 Kxf7 24. Nh5 Bd5 25. Nxf6 1-0

[Event "Thüringenliga 2014/2015"]
[Site "?"]
[Date "2014.09.07"]
[Round "1"]
[White "Böhm, Bernd"]
[Black "Schenk, Stefan"]
[Result "0-1"]
[WhiteElo "1598"]
[BlackElo "1842"]
[PlyCount "128"]
[EventDate "2014.??.??"]
[WhiteTeam "SV Ammern"]
[BlackTeam "Ilmenauer SV"]

1. e4 c5 2. Bc4 d6 3. d3 Nf6 4. f4 Nc6 5. a3 d5 6. exd5 Nxd5 7. Bxd5 Qxd5 8.
Qf3 Qf5 9. Ne2 Nd4 10. Nxd4 cxd4 11. O-O e6 12. b4 Be7 13. Bb2 Bf6 14. Nd2 O-O
15. Ne4 Rd8 16. Rae1 Rb8 17. Qg3 Bd7 18. Nxf6+ Qxf6 19. Qg5 Qxg5 20. fxg5 Ba4
21. Rc1 Rbc8 22. Rf2 a6 23. Rd2 Rd5 24. h4 Bb5 25. g3 Kf8 26. Kg2 Rd7 27. Kf3
e5 28. Ke4 f6 29. gxf6 gxf6 30. c4 Bc6+ 31. Kf5 Rf7 32. Rg1 Ke7 33. Re2 Bd7+
34. Ke4 Bg4 35. Ree1 Ke6 36. Bxd4 f5+ 37. Ke3 exd4+ 38. Kxd4+ Kf6 39. c5 Rd7+
40. Kc4 Bh5 41. Re3 Bf7+ 42. Kc3 Re8 43. Rf3 h5 44. Rgf1 Rd5 45. a4 Rde5 46.
Rf4 Be6 47. g4 hxg4 48. Rxg4 Rh8 49. Rgf4 Re2 50. Rh1 Rg2 51. b5 Rg4 52. Rxg4
fxg4 53. Kd4 g3 54. Rf1+ Ke7 55. Rg1 Rxh4+ 56. Ke3 axb5 57. axb5 Rb4 58. b6 Rg4
59. Kf3 Kd7 60. Ke3 g2 61. Kf3 Rg7 62. Kf4 Bd5 63. Ke5 Kc6 64. d4 Rh7 0-1

[Event "Thüringenliga 2014/2015"]
[Site "?"]
[Date "2014.09.07"]
[Round "1"]
[White "Darr, Sascha"]
[Black "Wehner, Janis"]
[Result "0-1"]
[WhiteElo "2120"]
[BlackElo "2113"]
[PlyCount "76"]
[EventDate "2014.??.??"]

1. c4 c5 2. g3 Nc6 3. Bg2 g6 4. Nc3 Bg7 5. d3 e6 6. Bd2 Nge7 7. Rb1 O-O 8. a3
d5 9. cxd5 exd5 10. Nf3 Bf5 11. Nh4 Be6 12. b4 c4 13. dxc4 d4 14. Na4 Bxc4 15.
b5 Ne5 16. Nc5 b6 17. Nb7 Qd7 18. Bb4 Nd5 19. Nd6 Nxb4 20. Nxc4 Nd5 21. Nxe5
Bxe5 22. Qd3 Bg7 23. O-O Rac8 24. Rbc1 Rc3 25. Rxc3 Nxc3 26. Rc1 Qe7 27. Rc2
Qxa3 28. Bc6 Qc5 29. Qf3 Qe5 30. Qd3 Qc5 31. Qf3 Qb4 32. Qd3 Rc8 33. Bd7 Rc7
34. Be8 Nxb5 35. Ra2 Nd6 36. Ba4 Rc3 37. Qd1 Qc4 38. Ra1 b5 0-1

[Event "Thüringenliga 2014/2015"]
[Site "?"]
[Date "2014.09.07"]
[Round "1"]
[White "Holzschuh, Stephan"]
[Black "Wicklein, Stefan"]
[Result "1-0"]
[WhiteElo "2220"]
[BlackElo "1972"]
[PlyCount "55"]
[EventDate "2014.??.??"]

1. e4 d5 2. exd5 Qxd5 3. Nc3 Qd6 4. d4 Nf6 5. Bd3 Bg4 6. Nge2 c6 7. f3 Bh5 8.
Bf4 Qd8 9. Qd2 e6 10. O-O Bd6 11. Bg5 Qc7 12. f4 Nbd7 13. Ng3 O-O 14. Nxh5 Nxh5
15. Ne2 c5 16. c3 cxd4 17. cxd4 Rac8 18. Kh1 Ndf6 19. Qe1 h6 20. Qh4 hxg5 21.
fxg5 Nd5 22. Qxh5 g6 23. Qh6 Rfe8 24. Rac1 Qd7 25. Rxc8 Qxc8 26. Bxg6 fxg6 27.
Qxg6+ Kh8 28. Rf7 1-0

[Event "Thüringenliga 2014/2015"]
[Site "?"]
[Date "2014.09.07"]
[Round "1"]
[White "August, Daniel"]
[Black "Nguyen, Huy Dat"]
[Result "1-0"]
[WhiteElo "1983"]
[BlackElo "1955"]
[PlyCount "77"]
[EventDate "2014.??.??"]

1. c4 c5 2. g3 Nc6 3. Bg2 g6 4. Nc3 Bg7 5. a3 d6 6. Rb1 Bf5 7. d3 Qd7 8. Bd2
Nf6 9. e4 Bg4 10. f3 Be6 11. Nge2 Bh3 12. O-O Bxg2 13. Kxg2 O-O 14. Be3 e5 15.
b4 b6 16. Qa4 Rfd8 17. Bg5 h6 18. Bxf6 Bxf6 19. Nd5 Bg7 20. Qxc6 Qxc6 21. Ne7+
Kf8 22. Nxc6 Rdc8 23. b5 a6 24. Rb3 axb5 25. cxb5 h5 26. Nc3 Rc7 27. Nd5 Rb7
28. Ra1 Bh6 29. Rb2 Ke8 30. a4 Kd7 31. a5 bxa5 32. Rxa5 Rxa5 33. Nxa5 Rb8 34.
b6 Bc1 35. Rb5 Ba3 36. Nc4 Bc1 37. b7 Rxb7 38. Rxb7+ Kc6 39. Rc7+ 1-0

[Event "Thüringenliga 2014/2015"]
[Site "?"]
[Date "2014.09.07"]
[Round "1"]
[White "Kirschbaum, Gunnar"]
[Black "Wolf, Isaak"]
[Result "1-0"]
[WhiteElo "2102"]
[BlackElo "1966"]
[PlyCount "41"]
[EventDate "2014.??.??"]

1. d4 f5 2. e4 fxe4 3. Nc3 Nf6 4. f3 exf3 5. Nxf3 d6 6. Bg5 Bg4 7. Be2 Qd7 8.
O-O Nc6 9. d5 Bxf3 10. Bxf3 Ne5 11. Qd4 c5 12. dxc6 bxc6 13. Bxf6 Nxf3+ 14.
Rxf3 gxf6 15. Ne4 Bg7 16. Ng3 e5 17. Qh4 O-O-O 18. Rb3 d5 19. Qa4 Bf8 20. Qa6+
Kc7 21. Rb7+ 1-0

[Event "Thüringenliga 2014/2015"]
[Site "?"]
[Date "2014.09.07"]
[Round "1"]
[White "Mucha, Annegret"]
[Black "Hausknecht, Matthias"]
[Result "1-0"]
[WhiteElo "1991"]
[BlackElo "2118"]
[PlyCount "81"]
[EventDate "2014.??.??"]

1. e4 c5 2. Nc3 a6 3. a4 Nc6 4. Bc4 e6 5. Nf3 Nf6 6. d3 d6 7. O-O Be7 8. Bb3
O-O 9. Ne1 d5 10. Bf4 b6 11. Bg3 Bb7 12. e5 Nd7 13. f4 Nd4 14. Ba2 Nb8 15. Ne2
Nf5 16. Bf2 d4 17. g4 Nh4 18. Bxh4 Bxh4 19. Nf3 Be7 20. f5 Bg5 21. Nxg5 Qxg5
22. Ng3 Qe3+ 23. Rf2 Nc6 24. Nf1 Qxe5 25. fxe6 fxe6 26. Re2 Qg5 27. Rxe6 Kh8
28. Qe2 Nb4 29. Re5 Qf4 30. Bb3 Bf3 31. Qe1 Nc6 32. Re6 Qxg4+ 33. Qg3 Qf5 34.
Nd2 Na5 35. Re5 Qf6 36. Rf1 Nxb3 37. cxb3 Qh6 38. Nxf3 Rf6 39. Kg2 Raf8 40. Qg5
Qxg5+ 41. Rxg5 1-0

[Event "Thüringenliga 2014/2015"]
[Site "?"]
[Date "2014.09.07"]
[Round "1"]
[White "Reichel, Norbert"]
[Black "Mißbach, Bernd"]
[Result "1/2-1/2"]
[WhiteElo "2037"]
[BlackElo "1964"]
[PlyCount "20"]
[EventDate "2014.??.??"]

1. c4 g6 2. g3 Bg7 3. Bg2 c5 4. Nc3 Nc6 5. Nf3 Nf6 6. d4 cxd4 7. Nxd4 Qb6 8. e3
Nxd4 9. exd4 Qe6+ 10. Qe2 Qxe2+ 1/2-1/2

[Event "Thüringenliga 2014/2015"]
[Site "?"]
[Date "2014.09.07"]
[Round "1"]
[White "Heunemann, Dieter"]
[Black "Müller-Ludwig, Kristin"]
[Result "1/2-1/2"]
[WhiteElo "1904"]
[BlackElo "2047"]
[PlyCount "50"]
[EventDate "2014.??.??"]

1. d4 Nf6 2. c4 g6 3. Nc3 Bg7 4. e4 d6 5. Be2 O-O 6. Bg5 Na6 7. g4 c6 8. h4 Qa5
9. f3 Re8 10. Qd2 e5 11. d5 cxd5 12. Nxd5 Qxd2+ 13. Kxd2 Nxd5 14. cxd5 Bd7 15.
Nh3 Nc5 16. Nf2 Rec8 17. Rhc1 a5 18. Nd1 f5 19. gxf5 gxf5 20. Nc3 Kf7 21. Be3
Bf6 22. Bb5 Ke7 23. Bxd7 Nxd7 24. Nb5 f4 25. Bf2 b6 1/2-1/2

[Event "Thüringenliga 2014/2015"]
[Site "?"]
[Date "2014.09.07"]
[Round "1"]
[White "Jakob, Matthias"]
[Black "Kloß, Thomas"]
[Result "1-0"]
[WhiteElo "1876"]
[BlackElo "1905"]
[PlyCount "81"]
[EventDate "2014.??.??"]

1. d4 Nf6 2. Nf3 g6 3. Nc3 d5 4. Bf4 Bg7 5. e3 Nh5 6. Bg5 h6 7. Bh4 c6 8. Ne5
Bxe5 9. dxe5 Qb6 10. Rb1 Ng7 11. Bd3 Bf5 12. O-O Nd7 13. Bg3 Bxd3 14. Qxd3
O-O-O 15. b4 Nf5 16. e6 fxe6 17. b5 c5 18. e4 Nxg3 19. Qxg3 d4 20. Na4 Qa5 21.
Qb3 e5 22. c3 Qc7 23. cxd4 exd4 24. b6 axb6 25. Rfc1 Kb8 26. Nb2 Rhf8 27. Nc4
Rf6 28. a4 g5 29. a5 bxa5 30. Nxa5 b6 31. Qb5 Ne5 32. Rxc5 Qd7 33. Rxe5 Qxb5
34. Rexb5 d3 35. Nc4 d2 36. Rd5 Rxd5 37. exd5 Rf5 38. Ne3 Re5 39. Rxb6+ Kc7 40.
Rb1 Kd6 41. Nc4+ 1-0

[Event "Thüringenliga 2014/2015"]
[Site "?"]
[Date "2014.09.07"]
[Round "1"]
[White "Krüger, Rainer"]
[Black "Neidig, Stefan"]
[Result "1/2-1/2"]
[WhiteElo "2065"]
[BlackElo "2154"]
[PlyCount "59"]
[EventDate "2014.??.??"]
[WhiteTeam "ESV Lok Sömmerda"]
[BlackTeam "TSG Apolda"]

1. d4 Nf6 2. Nf3 e6 3. g3 c5 4. c3 b6 5. Bg2 Bb7 6. O-O Be7 7. b3 O-O 8. Bb2 d6
9. c4 Nc6 10. Nc3 Nxd4 11. Nxd4 Bxg2 12. Kxg2 cxd4 13. Qxd4 Qc8 14. e4 Qc6 15.
f3 Rfd8 16. Rfd1 Ne8 17. Rd3 Bf6 18. Qf2 a6 19. Rc1 Qb7 20. Na4 b5 21. Bxf6
Nxf6 22. Qb6 Qc8 23. Nb2 d5 24. exd5 Nxd5 25. Qg1 bxc4 26. Rxc4 Qb7 27. Qc1
Rac8 28. Rxc8 Rxc8 29. Nc4 Qb4 30. Qd2 1/2-1/2

[Event "Thüringenliga 2014/2015"]
[Site "?"]
[Date "2014.09.07"]
[Round "1"]
[White "Middelhoff, Cornelius"]
[Black "Kalisch, Michael"]
[Result "1/2-1/2"]
[WhiteElo "2073"]
[BlackElo "1974"]
[PlyCount "90"]
[EventDate "2014.??.??"]
[WhiteTeam "TSG Apolda"]
[BlackTeam "ESV Lok Sömmerda"]

1. d4 Nf6 2. c4 e6 3. g3 d5 4. Bg2 Be7 5. Nf3 O-O 6. O-O dxc4 7. Qc2 a6 8. Qxc4
b5 9. Qc2 Bb7 10. Bd2 Nbd7 11. Ba5 Rc8 12. Nbd2 Nd5 13. a3 Qe8 14. b4 Nb8 15.
Ne5 f6 16. Nd3 Nc6 17. Nb3 Nb6 18. Ndc5 Bxc5 19. bxc5 Nxa5 20. Nxa5 Bxg2 21.
Kxg2 Nd5 22. e4 Qg6 23. Nc6 Rfe8 24. Nb4 Nf4+ 25. Kh1 Qh5 26. f3 a5 27. gxf4
axb4 28. axb4 e5 29. fxe5 fxe5 30. d5 Rf8 31. Qd3 Rf6 32. Qxb5 Rxf3 33. Qd7
Rcf8 34. Rg1 R3f7 35. Qg4 Qh6 36. Rad1 Kh8 37. d6 Rf2 38. Rg2 R2f4 39. d7 Rxg4
40. d8=Q Rgf4 41. Qd3 Qc6 42. Qd5 Qf6 43. Qd3 Qc6 44. Qd5 Qf6 45. Qd3 Qc6
1/2-1/2

[Event "Thüringenliga 2014/2015"]
[Site "?"]
[Date "2014.09.07"]
[Round "1"]
[White "Kühn, Martin"]
[Black "Rohmeiß, Roberto"]
[Result "1-0"]
[WhiteElo "1917"]
[BlackElo "2041"]
[PlyCount "95"]
[EventDate "2014.??.??"]
[WhiteTeam "ESV Lok Sömmerda"]
[BlackTeam "TSG Apolda"]

1. d4 Nf6 2. c4 g6 3. Nc3 Bg7 4. e4 d6 5. Nge2 O-O 6. Ng3 c5 7. d5 e6 8. Be2
exd5 9. exd5 Re8 10. O-O Na6 11. Bf4 Nc7 12. a4 b6 13. Qc2 a6 14. Rfe1 Rb8 15.
Qd2 Ng4 16. Bxg4 Bxg4 17. h3 Bc8 18. Nce4 Be5 19. Bxe5 Rxe5 20. f4 Rxe4 21.
Rxe4 f5 22. Re3 Ne8 23. Rae1 Nf6 24. Qe2 Kf8 25. Nf1 Rb7 26. Nd2 Kf7 27. Nf3 h6
28. b3 a5 29. h4 Rc7 30. g3 Ne4 31. h5 gxh5 32. Nh4 Nf6 33. Qd3 Ne4 34. Rxe4
fxe4 35. Qxe4 Qg8 36. Nf5 Qf8 37. Nh4 Qg8 38. Nf5 Qf8 39. Kh2 Kf6 40. Nh4 Qg8
41. f5 Qg5 42. Qe8 Kg7 43. Rf1 Qf6 44. Rf2 Kh7 45. Ng6 h4 46. gxh4 Bxf5 47.
Nf8+ Kg7 48. Rg2+ 1-0

[Event "Thüringenliga 2014/2015"]
[Site "?"]
[Date "2014.09.07"]
[Round "1"]
[White "Maiwald, Harald"]
[Black "Siegemund, Joachim"]
[Result "1/2-1/2"]
[WhiteElo "1983"]
[BlackElo "1983"]
[PlyCount "58"]
[EventDate "2014.??.??"]
[WhiteTeam "TSG Apolda"]
[BlackTeam "ESV Lok Sömmerda"]

1. e4 e6 2. d3 d5 3. Nd2 Nf6 4. Ngf3 Nc6 5. c3 e5 6. Be2 dxe4 7. dxe4 Be7 8.
O-O O-O 9. b4 a6 10. Qc2 Be6 11. Nc4 Bxc4 12. Bxc4 Qc8 13. h3 Nd7 14. Be3 Bf6
15. Rfd1 Nb6 16. Be2 Rd8 17. Nd2 Qe6 18. a4 Be7 19. a5 Nc8 20. Bg4 Qf6 21. Nc4
Rxd1+ 22. Rxd1 Nd6 23. Nxd6 Bxd6 24. Qd2 h6 25. Qd5 Rd8 26. b5 Be7 27. Qc4
Rxd1+ 28. Bxd1 axb5 29. Qxb5 Nd8 1/2-1/2

[Event "Thüringenliga 2014/2015"]
[Site "?"]
[Date "2014.09.07"]
[Round "1"]
[White "Koksch, Robert"]
[Black "Goemann, Jens"]
[Result "1/2-1/2"]
[WhiteElo "1941"]
[BlackElo "2082"]
[PlyCount "28"]
[EventDate "2014.??.??"]
[WhiteTeam "ESV Lok Sömmerda"]
[BlackTeam "TSG Apolda"]

1. d4 Nf6 2. c4 g6 3. Nc3 Bg7 4. e4 d6 5. f4 O-O 6. Nf3 Na6 7. Bd3 Bg4 8. O-O
e5 9. fxe5 dxe5 10. d5 Ne8 11. h3 Bd7 12. a3 c5 13. Rb1 Qe7 14. Bd2 Rc8 1/2-1/2

[Event "Thüringenliga 2014/2015"]
[Site "?"]
[Date "2014.09.07"]
[Round "1"]
[White "Carnot, Luca"]
[Black "Kirste, Olaf"]
[Result "0-1"]
[WhiteElo "1657"]
[BlackElo "1889"]
[PlyCount "58"]
[EventDate "2014.??.??"]
[WhiteTeam "TSG Apolda"]
[BlackTeam "ESV Lok Sömmerda"]

1. Nf3 Nf6 2. g3 g6 3. Bg2 Bg7 4. O-O O-O 5. d4 c6 6. c4 d6 7. Nc3 Nbd7 8. b4
Nb6 9. Nd2 Be6 10. b5 Nxc4 11. Nxc4 Bxc4 12. bxc6 bxc6 13. Bxc6 Rc8 14. Qa4 Qb6
15. Qxc4 Rxc6 16. Qd3 Rfc8 17. Bd2 Rc4 18. e3 Qc6 19. Rfc1 Qf3 20. Rab1 h5 21.
Rb8 Rxb8 22. Qxc4 Rb2 23. Be1 Ng4 24. Nd1 Re2 25. Qb4 h4 26. h3 Nxe3 27. Nxe3
hxg3 28. Rc2 gxf2+ 29. Bxf2 Qxf2+ 0-1

[Event "Thüringenliga 2014/2015"]
[Site "?"]
[Date "2014.09.07"]
[Round "1"]
[White "Severino, Leonardo"]
[Black "Schmidt, Matthias"]
[Result "0-1"]
[WhiteElo "1719"]
[BlackElo "1945"]
[PlyCount "118"]
[EventDate "2014.??.??"]
[WhiteTeam "ESV Lok Sömmerda"]
[BlackTeam "TSG Apolda"]

1. d4 Nf6 2. Nf3 g6 3. g3 Bg7 4. Bg2 O-O 5. O-O h6 6. Nbd2 d5 7. Ne5 Ng4 8. e4
Nxe5 9. dxe5 d4 10. f4 c5 11. Qe2 b6 12. a4 Nc6 13. Nc4 Ba6 14. b3 Qc8 15. Bb2
Na5 16. Rf2 Qe6 17. f5 Bxc4 18. bxc4 Qxe5 19. Raf1 Rad8 20. Bc1 Qd6 21. Bf4 Qd7
22. g4 g5 23. Bg3 d3 24. cxd3 Qxd3 25. Qxd3 Rxd3 26. e5 Rfd8 27. f6 exf6 28.
exf6 Bf8 29. Bd5 Rd4 30. h3 Nxc4 31. Bxc4 Rxc4 32. a5 Bd6 33. Bxd6 Rxd6 34.
axb6 axb6 35. Ra1 Rf4 36. Rxf4 gxf4 37. Kf2 Rxf6 38. Kf3 Kg7 39. Ra8 Rd6 40.
Kxf4 Rd3 41. Rb8 Rb3 42. Ke5 b5 43. Kd5 c4 44. Kd4 c3 45. Kd3 b4 46. Kc2 Rb2+
47. Kc1 Kf6 48. Rb5 Ke6 49. h4 Kd6 50. g5 hxg5 51. h5 f6 52. Rb6+ Ke5 53. h6
Rh2 54. Rxb4 Rxh6 55. Kc2 Rh3 56. Rb8 g4 57. Rg8 Kf4 58. Rg6 f5 59. Rg8 Rf3 0-1

[Event "Thüringenliga 2014/2015"]
[Site "?"]
[Date "2014.09.07"]
[Round "1"]
[White "Steiger, Jürgen"]
[Black "Berlt, Norbert"]
[Result "1-0"]
[WhiteElo "1929"]
[BlackElo "1620"]
[PlyCount "91"]
[EventDate "2014.??.??"]
[WhiteTeam "TSG Apolda"]
[BlackTeam "ESV Lok Sömmerda"]

1. e4 c5 2. Nc3 Nc6 3. g3 g6 4. Bg2 Bg7 5. Nge2 e5 6. O-O Nge7 7. d3 d6 8. Be3
O-O 9. Qd2 Nd4 10. Rac1 a6 11. Bh6 Rb8 12. Bxg7 Kxg7 13. Nd5 Nxe2+ 14. Qxe2
Nxd5 15. exd5 Qg5 16. c3 b5 17. b3 Bd7 18. f4 exf4 19. Rxf4 Rbe8 20. Qd2 f5 21.
c4 Qe7 22. d4 cxd4 23. Rxd4 Qe3+ 24. Qxe3 Rxe3 25. c5 dxc5 26. Rxc5 Kf6 27. Rc7
Ke5 28. Rd2 Kd6 29. Ra7 f4 30. Rxa6+ Ke5 31. Kf2 Rc3 32. Re2+ Kd4 33. Re4+ Kd3
34. Rxf4 Rc2+ 35. Kf3 Bf5 36. Bf1+ Kd2 37. Rc6 Rc8 38. Rd4+ Ke1 39. Rxc8 Rxc8
40. Bxb5 g5 41. Bc4 Rf8 42. g4 Bc2+ 43. Kg3 Re8 44. d6 Re3+ 45. Kg2 Be4+ 46.
Kg1 1-0

[Event "Thüringenliga 2014/2015"]
[Site "?"]
[Date "2014.10.05"]
[Round "2"]
[White "Siebarth, Raiko"]
[Black "Kalisch, Michael"]
[Result "1/2-1/2"]
[WhiteElo "2224"]
[BlackElo "1974"]
[PlyCount "91"]
[EventDate "2014.??.??"]
[WhiteTeam "SG Blau-Weiß Stadtilm"]
[BlackTeam "ESV Lok Sömmerda"]

1. d4 Nf6 2. g3 e6 3. Bg2 d5 4. e3 Be7 5. Ne2 O-O 6. O-O Nbd7 7. b3 Nb6 8. a4
Bd7 9. Nd2 c5 10. dxc5 Bxc5 11. Bb2 Qe7 12. a5 Nc8 13. Nf4 Bc6 14. Nd3 Bd6 15.
Ne5 Bb5 16. c4 Ba6 17. Re1 Rd8 18. Qc2 Bb4 19. Red1 Nd6 20. Ra4 Bxd2 21. Rxd2
dxc4 22. bxc4 Qc7 23. Bd4 Nf5 24. h3 Nxd4 25. exd4 Rac8 26. Qb2 Nd7 27. Nxd7
Rxd7 28. Rc2 Qd8 29. d5 Qe8 30. Ra1 Rxc4 31. Rxc4 Bxc4 32. dxe6 Qxe6 33. Bxb7
Qe2 34. Qxe2 Bxe2 35. Re1 Rxb7 36. Rxe2 Kf8 37. Rc2 Ke7 38. Kg2 Kd6 39. Rc8 g6
40. g4 Rb5 41. Rh8 Rxa5 42. Rxh7 Ke6 43. h4 Kf6 44. Rh8 Kg7 45. Ra8 Ra1 46. Kf3
1/2-1/2

[Event "Thüringenliga 2014/2015"]
[Site "?"]
[Date "2014.10.05"]
[Round "2"]
[White "Wanzek, Daniel"]
[Black "Schneider, Christian"]
[Result "1/2-1/2"]
[WhiteElo "2047"]
[BlackElo "2198"]
[PlyCount "31"]
[EventDate "2014.??.??"]
[WhiteTeam "ESV Lok Sömmerda"]
[BlackTeam "SG Blau-Weiß Stadtilm"]

1. e4 c5 2. Nc3 d6 3. g3 Nc6 4. Bg2 g6 5. d3 Bg7 6. Be3 e6 7. Qd2 Nge7 8. Bh6
Bxh6 9. Qxh6 Nd4 10. O-O-O Qa5 11. Nh3 e5 12. Ng5 Be6 13. Kb1 O-O-O 14. Bh3
Rdf8 15. Nxe6 fxe6 16. Rhf1 1/2-1/2